书目信息 |
| 题名: |
力学与生产建设
|
|
| 作者: | ;中国力学学会力学学报编辑部 , 中国力学学会理事会扩大会议 编 | |
| 分册: | ||
| 出版信息: | 北京 北京大学出版社 1983 |
|
| 页数: | 209页 | |
| 开本: | 25cm | |
| 丛书名: | ||
| 单 册: | ||
| 中图分类: | O39 | |
| 科图分类: | ||
| 主题词: | 应用力学 | |
| 电子资源: | ||
| ISBN: | ||
| 000 | 00987nam0 2200265 45 | |
| 001 | 0183011543 | |
| 005 | 20040518112331.3 | |
| 010 | @dCNY1.70 | |
| 091 | @a13209.79 | |
| 100 | @a19950525d1983 kemy0chiy0121 ea | |
| 101 | 0 | @achi |
| 102 | @aCN@b110000 | |
| 105 | @ay z 100yy | |
| 106 | @ar | |
| 200 | 10 | @a力学与生产建设@Ali xue yu sheng chan jian she@e中国力学学会第二届理事会扩大会议论文汇编(1982年5月)@f中国力学学会力学学报编辑部编 |
| 210 | @a北京@c北京大学出版社@d1983 | |
| 215 | @a209页@d25cm | |
| 517 | 1 | @a中国力学学会第二届理事会扩大会议论文汇编@Azhong guo li xue xue hui di er jie li shi hui kuo da huiyi lun wen hui bian |
| 606 | @a应用力学 | |
| 690 | @aO39@v3 | |
| 711 | 02 | @a中国力学学会力学学报编辑部@Azhong guo li xue xue hui li xue xue bao bian ji bu@4编 |
| 711 | 12 | @a中国力学学会理事会扩大会议@Azhong guo li xue xue hui li shi hui kuo da hui yi@d2@f1982 |
| 801 | 0 | @aCN@b上海图书馆@c20040518 |
| 801 | 2 | @aCN@bNLC@c20040518 |
| 905 | @f2@b96734-735@dO39@e7 | |
| 力学与生产建设:中国力学学会第二届理事会扩大会议论文汇编(1982年5月)/中国力学学会力学学报编辑部编.-北京:北京大学出版社,1983 |
| 209页;25cm |
| ISBN :CNY1.70 |
| ● |
| 相关链接 |
|
|
|
|
正题名:力学与生产建设
索取号:O39/7
 
预约/预借
| 序号 | 登录号 | 条形码 | 馆藏地/架位号 | 状态 | 备注 |
| 1 | 0096734 | 000386549 | 第三借阅区/ [索取号:O39/7] | 在馆 | |
| 2 | 0096735 | 000386558 | 密集书库/ [索取号:O39/7] | 在馆 | |
| 3 | 0096736 | 000386530 | 第二样本阅览室/ [索取号:O39/7] | 在馆 |